Filosofía del Ser (Record no. 123456)

MARC details
000 -LEADER
campo de control de longitud fija 00780nam a2200217 4500
001 - NÚMERO DE CONTROL
campo de control 123456
003 - IDENTIFICADOR DE NÚMERO DE CONTROL
campo de control ES-MaACL
005 - FECHA Y HORA DE LA ÚLTIMA TRANSACCIÓN
campo de control 20250819173454.0
007 - CAMPO FIJO DE DESCRIPCIÓN FÍSICA--INFORMACIÓN GENERAL
campo de control de longitud fija t|
008 - DATOS DE LONGITUD FIJA--INFORMACIÓN GENERAL
campo de control de longitud fija 070214s1956 sp r ||||1| spa d
100 1# - ENTRADA PRINCIPAL--NOMBRE DE PERSONA
Nombre de persona Raeymaeker, Louis de.
9 (RLIN) 94948
245 10 - MENCIÓN DEL TÍTULO
Título Filosofía del Ser
Resto del título : ensayo de síntesis metafísica /
Mención de responsabilidad, etc. Louis de Raeymaeker ; versión castellana de María Dolores Mouton y Valentín García Yebra.
260 ## - PUBLICACIÓN, DISTRIBUCIÓN, ETC.
Lugar de publicación, distribución, etc. Madrid :
Nombre del editor, distribuidor, etc. Gredos,
Fecha de publicación, distribución, etc. 1956.
300 ## - DESCRIPCIÓN FÍSICA
Extensión 535 p. ;
Dimensiones 20 cm.
490 1# - MENCIÓN DE SERIE
Mención de serie Biblioteca hispánica de Filosofía
700 1# - ENTRADA AGREGADA--NOMBRE PERSONAL
Nombre de persona Mouton, María Dolores.
9 (RLIN) 83931
700 1# - ENTRADA AGREGADA--NOMBRE PERSONAL
Nombre de persona García Yebra, Valentín,
Fechas asociadas al nombre 1917-2010
9 (RLIN) 55453
830 0# - PUNTO DE ACCESO ADICIONAL DE SERIE-TÍTULO UNIFORME
Título uniforme Biblioteca hispánica de Filosofía
9 (RLIN) 181000
852 ## - LOCALIZACIÓN
Ubicación ES-MaACL
Número de control de estantería C-11518
Sublocalización o colección R.39604
Holdings
Estatus retirado Estado de pérdida Estado de daño No para préstamo Biblioteca de origen Biblioteca actual Ubicación en estantería Fecha de adquisición Fuente de adquisición Total de préstamos Signatura topográfica completa Código de barras Visto por última vez Precio de reemplazo Tipo de ítem Koha
        Biblioteca del Ateneo de Madrid Biblioteca del Ateneo de Madrid Sala Palomar 17/01/2008     C-11518 1128630 23/02/2023 23/02/2023 Libro impreso